Đạo đức 5

সংরক্ষণ করুন:
গ্রন্থ-পঞ্জীর বিবরন
প্রধান লেখক: Lưu, Thu Thủy
অন্যান্য লেখক: Nguyễn, Việt Bắc
বিন্যাস: গ্রন্থ
ভাষা:Undetermined
প্রকাশিত: H. Giáo dục 2008
বিষয়গুলি:
অনলাইন ব্যবহার করুন:http://lrc.tdmu.edu.vn/opac/search/detail.asp?aID=2&ID=4565
ট্যাগগুলো: ট্যাগ যুক্ত করুন
কোনো ট্যাগ নেই, প্রথমজন হিসাবে ট্যাগ করুন!
Thư viện lưu trữ: Trung tâm Học liệu Trường Đại học Thủ Dầu Một
LEADER 00632nam a2200205Ia 4500
001 TDMU_4565
008 210410s9999 xx 000 0 und d
082 |a 170.71 
090 |b L566 
100 |a Lưu, Thu Thủy 
245 0 |a Đạo đức 5 
245 0 |c Lưu Thu Thủy 
260 |a H. 
260 |b Giáo dục 
260 |c 2008 
300 |a 48tr 
650 |a Sách lớp 5; Đạo đức  |x Giảng dạy và học tập 
700 |a Nguyễn, Việt Bắc 
856 |u http://lrc.tdmu.edu.vn/opac/search/detail.asp?aID=2&ID=4565 
980 |a Trung tâm Học liệu Trường Đại học Thủ Dầu Một